|
|
|
|
| LEADER |
00000nam0a2200000 4500 |
| 001 |
139659 |
| 005 |
20231031141823.0 |
| 029 |
1 |
0 |
|a RU
|b 2077-90
|c МИ
|
| 035 |
|
|
|a (RuTPU)RU\TPU\book\151291
|
| 035 |
|
|
|a RU\TPU\book\151232
|
| 090 |
|
|
|a 139659
|
| 100 |
|
|
|a 20080609d1991 k a0rusy50 ca
|
| 101 |
0 |
|
|a rus
|
| 102 |
|
|
|a RU
|
| 105 |
|
|
|a a l 000zy
|
| 122 |
2 |
|
|a d2007121020
|a d2007121020
|
| 200 |
1 |
|
|a Микрометры со вставками. Методика поверки
|a Рекомендация. МИ 2077-90
|f СССР, Государственный комитет по управлению качеством продукции и стандартам (Госстандарт)
|
| 205 |
|
|
|a Изд. офиц.
|
| 210 |
|
|
|a Москва
|c Изд-во стандартов
|d 1991
|
| 215 |
|
|
|a 29 с.
|c ил.
|
| 225 |
1 |
|
|a Государственная система обеспечения единства измерений
|
| 229 |
|
|
|a Утверждена НПО "ВНИИМ им. Д. И. Менделеева" 10.04.90
|a Взамен ГОСТ 8.004-71
|
| 610 |
1 |
|
|a МИ
|
| 610 |
1 |
|
|a методика
|
| 610 |
1 |
|
|a поверки
|
| 610 |
1 |
|
|a единство измерений
|
| 610 |
1 |
|
|a микрометры
|
| 675 |
|
|
|a 531.7(83)
|v 3
|
| 712 |
0 |
1 |
|a СССР
|b Государственный комитет по управлению качеством продукции и стандартам (Госстандарт)
|c (1989-1991)
|2 stltpush
|3 (RuTPU)RU\TPU\col\12455
|
| 801 |
|
1 |
|a RU
|b 63413507
|c 20080530
|g PSBO
|
| 801 |
|
2 |
|a RU
|b 63413507
|c 20221207
|g PSBO
|
| 942 |
|
|
|c BK
|